|
|
|
|
| LEADER |
00000nab a2200000 a 4500 |
| 001 |
vtls000160145 |
| 003 |
SK-MaSNL |
| 005 |
20260303173402.0 |
| 008 |
111104c1983 xo 0 slo |
| 015 |
|
|
|a SNBRB19rr/mm-uuuuu
|
| 035 |
|
|
|a CL0170255
|
| 040 |
|
|
|a SNKBUCL
|b slo
|c SNKBUCL
|e AACR2
|
| 041 |
0 |
|
|a slo
|
| 044 |
|
|
|a xo
|c SK
|
| 080 |
|
|
|a 72:061.25
|2 1981
|
| 080 |
|
|
|a 061.25
|2 1981
|
| 100 |
1 |
|
|a Zelenay, Rudolf,
|d 1940-
|4 aut
|9 228643
|
| 245 |
1 |
0 |
|a Trikrát cena ZSA
|c Rudolf Zelenay
|
| 300 |
|
|
|b Obr. 1.
|
| 610 |
2 |
7 |
|a Zväz slovenských architektov
|2 snkbucl
|9 52696
|
| 650 |
0 |
7 |
|a architektúra
|2 snkbucl
|9 722
|
| 655 |
|
7 |
|a články z novín a časopisov
|2 snkbucl
|9 267496
|
| 773 |
0 |
|
|t Technické noviny
|g Roč. 31, č. 37 (1983), s. 3
|
| 850 |
|
|
|a Slovenská národná knižnica v Martine
|a MTA001
|
| 852 |
|
|
|a SNK
|b KIS3GCP
|
| 958 |
|
|
|a RK
|
| 992 |
|
|
|a RBX
|
| 999 |
|
|
|c 2092321
|d 2094251
|